Normal view
MARC view
- Royal Institution of Chartered Surveyors
Entry Corporate Name
001 - CONTROL NUMBER
- control field: 4564
003 - CONTROL NUMBER IDENTIFIER
- control field: OSt
005 - DATE AND TIME OF LATEST TRANSACTION
- control field: 20190806150234.0
008 - FIXED-LENGTH DATA ELEMENTS
- fixed length control field: 031222n| aaannaabn |n ana d
040 ## - CATALOGING SOURCE
- Original cataloging agency: OSt
- Transcribing agency: OSt
110 ## - HEADING--CORPORATE NAME
- Corporate name or jurisdiction name as entry element: Royal Institution of Chartered Surveyors
- Subordinate unit: Building Conservation Practice Panel
410 ## - SEE FROM TRACING--CORPORATE NAME
- Corporate name or jurisdiction name as entry element: RICS Building Conservation Practice Panel
410 ## - SEE FROM TRACING--CORPORATE NAME
- Corporate name or jurisdiction name as entry element: Building Conservation Practice Panel
670 ## - SOURCE DATA FOUND
- Source citation: Church inspections, 1997